| 000 | 00460cam a2200181 4500 | ||
|---|---|---|---|
| 001 | D8468 | ||
| 008 | 090401t1983 xxu||||| |||| 00| 0 eng d | ||
| 035 | _a(Sirsi) u13287 | ||
| 041 | _aeng | ||
| 050 | _a338.4369 | ||
| 100 | _aRuddock, L. | ||
| 245 | _aEconomics for the construction and property industries: teachers manual | ||
| 260 |
_aStockport _bPolytech Publishers _c1983 |
||
| 300 | _a33p. 21cm | ||
| 350 | _a0 | ||
| 942 | _n0 | ||
| 948 | _c04/03/1997 | ||
| 999 |
_c87080 _d87080 |
||